| 000 | 00455nam a22001697a 4500 | ||
|---|---|---|---|
| 999 |
_c478372 _d478372 |
||
| 003 | NUST | ||
| 005 | 20180524054250.0 | ||
| 008 | 180524b ||||| |||| 00| 0 eng d | ||
| 020 | _a9788847017832 | ||
| 038 | _aSNS Library | ||
| 082 | _a515 | ||
| 100 |
_aGlaudio Canuto, Anita Tabacco _910509 |
||
| 245 |
_aMathematical Analysis II _cGlaudio Canuto, Anita Tabacco |
||
| 260 |
_aLondon _bSpringer _c2010 |
||
| 300 |
_aX,523 p. _bHB |
||
| 942 |
_2ddc _cBK |
||